Top 10 Billboard Songs of 2014 - Statistics

General Stats
  • This quiz has been taken 29 times
  • The average score is 6 of 10
Answer Stats
Hint Answer % Correct
Pharrell Williams Happy
89%
John Legend All of Me
81%
Meghan Trainor All About That Bass
74%
OneRepublic Counting Stars
70%
Katy Perry featuring Juicy J Dark Horse
67%
Magic! Rude
59%
Iggy Azalea featuring Charli XCX Fancy
56%
Sam Smith Stay With Me
56%
Ariana Grande featuring Iggy Azalea Problem
44%
Jason Derulo featuring 2 Chainz Talk Dirty
33%
No matching quizzes found
Score Distribution
Percent of People with Each Score
Percentile by Number Answered
Your Score History
You have not taken this quiz